Every Scotland player to be called up under Steve Clarke - Statistics

General Stats
  • This quiz has been taken 7 times
  • The average score is 43 of 90
Answer Stats
Club(s) during Clarke era when called up only Caps under Clarke Position Answer % Correct
Liverpool 63 Fullback Andrew Robertson
100%
Norwich City, Nottingham Forest 21 Goalkeeper Angus Gunn
100%
Chelsea, Brighton and Hove Albion, Napoli 45 Midfield Billy Gilmour
100%
Celtic 52 Midfield Callum McGregor
100%
Southampton, Torino 46 Forward Che Adams
100%
Norwich City, Birmingham City, Hibernian 37 Centre back Grant Hanley
100%
Aston Villa 71 * Midfield/winger John McGinn
100%
Norwich City 49 Midfield Kenny McLean
100%
Arsenal, Celtic 43 Fullback/centre back Kieran Tierney
100%
QPR, Birmingham City, Charlton Athletic 50 Forward Lyndon Dykes
100%
Celtic, AFC Bournemouth 61 Midfield/winger Ryan Christie
100%
Manchester United, Napoli 62 Midfield/centre back Scott McTominay
100%
Bologna, Brentford 19 Fullback Aaron Hickey
75%
Celtic 25 Fullback Anthony Ralston
75%
Liverpool, Middlesbrough (loan), AFC Bournemouth 12 Winger Ben Gannon-Doak
75%
Cardiff City, Sheffield Wednesday 5 Fullback/forward Callum Paterson
75%
Hearts 29 Goalkeeper Craig Gordon
75%
Dundee United, Hearts 18 Forward Lawrence Shankland
75%
Aberdeen, Bologna 23 Midfield Lewis Ferguson
75%
Rangers, Everton 25 Fullback Nathan Patterson
75%
Hibernian, Watford 13 Centre back Ryan Porteous
75%
Falkirk 1 Goalkeeper Scott Bain
75%
Southampton 40 Midfield/winger Stuart Armstrong
75%
Aberdeen 3 Centre back/fullback Andrew Considine
50%
West Ham United 1 Midfield Andy Irving
50%
Ipswich Town 1 Goalkeeper Cieran Slicker
50%
Hearts 0 Centre back Craig Halkett
50%
Hull City, Wigan Athletic, Derby County 20 Goalkeeper David Marshall
50%
Blackburn Rovers, Wrexham 2 Centre back Dominic Hyam
50%
Ipswich Town 8 Forward George Hirst
50%
KV Oostende (loan from Celtic), Club Brugge, Cremonese (loan), Al-Ettifaq 34 Centre back Jack Hendry
50%
Celtic 11 Winger James Forrest
50%
Sheffield United 5 Midfield John Fleck
50%
Sporting Kansas City 3 Winger Johnny Russell
50%
Hearts, Rangers 19 Centre back John Souttar
50%
Sassuolo 1 Fullback Josh Doig
50%
Motherwell, Rangers 2 Goalkeeper Liam Kelly
50%
Sheffield Wednesday 7 Fullback Liam Palmer
50%
Reading 0 Forward Marc McNulty
50%
Swansea City, Sheffield United 10 Forward Oli McBurnie
50%
Celtic (loan from West Bromwich Albion), Deportivo Alaves (loan from West Bromwich Albion), Sheffield United 7 Winger/forward Oliver Burke
50%
AFC Bournemouth, Newcastle United 19 Winger Ryan Fraser
50%
Kilmarnock, Motherwell 19 Fullback Stephen O'Donnell
50%
Hearts 2 Forward Steven Naismith
50%
Fulham 0 Midfield Tom Cairney
50%
Bristol City, Middlesbrough 8 Forward Tommy Conway
50%
Hearts 4 Goalkeeper Zander Clark
50%
Luton Town 1 Midfield Allan Campbell
25%
Hearts 0 Winger Barrie McKay
25%
AFC Bournemouth 0 * Goalkeeper Callan McKenna
25%
Liverpool 1 Fullback Calvin Ramsay
25%
Blackburn Rovers 5 Centre back/fullback/midfield Charlie Mulgrew
25%
Rangers 1 Midfield Connor Barron
25%
Portsmouth 0 Goalkeeper Craig MacGillivary
25%
Sheffield Wednesday (loan from Hamburg) 0 Centre back David Bates
25%
Celtic 5 Midfield David Turnbull
25%
Motherwell, Aberdeen 10 Centre back Declan Gallagher
25%
Kilmarnock 1 Forward Eamonn Brophy
25%
Kilmarnock (loan from Rangers) 1 Winger/attacking midfield Findlay Curtis
25%
Aberdeen, Derby County 0 Midfield/fullback Graeme Shinnie
25%
Kilmarnock, Celtic 14 Fullback Greg Taylor
25%
Aberdeen 0 Fullback Jack MacKenzie
25%
Stoke City, Luton Town 8 Forward Jacob Brown
25%
Hearts 1 Forward James Wilson
25%
Dundee 0 Goalkeeper Jon McCracken
25%
Sunderland 1 Goalkeeper Jon McLaughlin
25%
Hibernian 0 Midfield/fullback Josh Mulligan
25%
Hibernian 11 Forward Kevin Nisbet
25%
Hibernian 2 Forward Kieron Bowie
25%
Celtic 3 Forward Leigh Griffiths
25%
Motherwell, Udinese 4 Midfield Lennon Miller
25%
New York Red Bulls 5 Winger Lewis Morgan
25%
Leeds United 19 Centre back Liam Cooper
25%
Preston North End 0 Centre back Liam Lindsay
25%
West Bromwich Albion 2 Winger Matt Phillips
25%
Sturm Graz, Derby County 4 Fullback Max Johnston
25%
Aberdeen 3 * Centre back Mikey Devlin
25%
Aberdeen 2 * Fullback Nicky Devlin
25%
Hibernian 1 Centre back Paul Hanlon
25%
Hibernian 1 * Fullback Paul McGinn
25%
Rangers 0 * Goalkeeper Robby McCrorie
25%
West Ham United 2 Winger Robert Snodgrass
25%
In process of joining Celtic from Aberdeen on a free 1 Goalkeeper Ross Doohan
25%
Bristol City 2 * Fullback/midfield Ross McCrorie
25%
Sunderland 2 Forward Ross Stewart
25%
Vancouver Whitecaps 6 Winger Ryan Gauld
25%
Rangers 18 Midfield Ryan Jack
25%
Aberdeen, Nottingham Forest, Copenhagen (loan), Las Palmas, Dinamo Zagreb 38 * Centre back Scott McKenna
25%
Hearts 1 Centre back/fullback Stephen Kinglsey
25%
Kilmarnock 1 Centre back Stuart Findlay
25%
No matching quizzes found
Score Distribution
Percent of People with Each Score
Percentile by Number Answered
Your Score History
You have not taken this quiz